000 00698nam a2200289Ia 4500
005 20260324142514.0
008 008 260324s9999 xx 000 0 eng d
020 _a9781315803210
037 _aEBOOK
040 _aCRL
040 _beng
040 _cCRL
041 _2eng
041 _aeng
084 _qCRL
100 _aRichard C. Marohn
_91210780
245 4 _aThe Corrective Emotional Experience Revisited
245 0 _bPsychoanalytic Inquiry, 10.3
260 _bTaylor and Francis
260 _c1994
365 _a
365 _b67.99
856 _uhttp://www.taylorfrancis.com/books/9781315803210
942 _cEBOOK
999 _c1816469
_d1816469